| 000 | 00477cam a2200193ua 4500 | ||
|---|---|---|---|
| 020 | _c150.00 | ||
| 041 |
_aeng _h |
||
| 082 |
_a631.587 _bBAS/IR |
||
| 100 | _aBasak, N.N . | ||
| 245 |
_aIrrigation engineering / _cN.N Basak. _hTextual Documents |
||
| 250 |
_a8 / _b. |
||
| 260 |
_aNew Delhi : _bTata Mc-Graw Hill Publishing Company , _c2006. |
||
| 300 | _a ; . | ||
| 365 | _a150.00 | ||
| 504 | _a | ||
| 942 | _cBK | ||
| 999 |
_c12939 _d12939 |
||